Come non farsi male : schede su epatite virale, malattie a trasmissione sessuale, AIDS e tossicodipendenza /
Gespeichert in:
| 1. Verfasser: | |
|---|---|
| Weitere Verfasser: | , , , |
| Format: | Buch |
| Sprache: | Italienisch |
| Veröffentlicht: |
[S.l. :
s.n.,
19..!
|
| Tags: |
Keine Tags, Fügen Sie das erste Tag hinzu!
|
MARC
| LEADER | 00000nam a22000007i 4500 | ||
|---|---|---|---|
| 001 | IT\ICCU\UBO\3618660 | ||
| 003 | ItRI | ||
| 005 | 20260124131225.0 | ||
| 008 | 090421q19861999it |||||| ||||| |||||c | ||
| 040 | |b ita |c ct | ||
| 041 | 7 | |a ita |2 ISO-639-2 | |
| 100 | 1 | |a De Micheli, Maurizio |0 IT\ICCU\MODV\134808 |4 aut | |
| 245 | 1 | 0 | |a Come non farsi male : |b schede su epatite virale, malattie a trasmissione sessuale, AIDS e tossicodipendenza / |c Maurizio De Micheli ... [et al.] ; prefazione di Alberto Madeddu. |
| 260 | |a [S.l. : |b s.n., |c 19..! |e (Milano : |f Nava) | ||
| 300 | |a 100 p. ;21 cm. | ||
| 700 | 1 | |a Madeddu, Alberto |0 IT\ICCU\CFIV\002771 | |
| 700 | 1 | |a Sacchi, Paola, |d (1961- ) |0 IT\ICCU\MILV\071101 | |
| 700 | 1 | |a Tosi, Marco, |d (1964-) |0 IT\ICCU\MILV\115636 | |
| 700 | 1 | |a Maralla, Leonardo |0 IT\ICCU\UBOV\321825 | |
| 942 | |2 ddc |c BK | ||
| 952 | |0 0 |1 0 |2 ddc |4 0 |6 B_SHI03DEMMACOM13 |7 0 |9 4910 |a MI |b MI |d 2006-05-13 |i 580 |l 0 |o B-SHI03-DEMMA-COM13 |p CDOM580 |r 2025-07-07 11:14:36 |w 2025-07-07 |x DONO |y BK | ||
| 952 | |0 0 |1 0 |2 ddc |4 0 |6 B_SHI03DEMMACOM14 |7 0 |9 4911 |a MI |b MI |d 2006-05-13 |i 581 |l 0 |o B-SHI03-DEMMA-COM14 |p CDOM581 |r 2025-07-07 11:14:36 |w 2025-07-07 |x DONO |y BK | ||
| 952 | |0 0 |1 0 |2 ddc |4 0 |6 B_SHI03DEMMACOM11 |7 0 |9 4912 |a MI |b MI |d 2005-05-29 |i 353 |l 0 |o B-SHI03-DEMMA-COM11 |p CDOM353 |r 2025-07-07 11:14:36 |w 2025-07-07 |x DONO |y BK | ||
| 952 | |0 0 |1 0 |2 ddc |4 0 |6 B_SHI03DEMMACOM12 |7 0 |9 4913 |a MI |b MI |d 1987-07-16 |i 354 |l 0 |o B-SHI03-DEMMA-COM12 |p CDOM354 |r 2025-07-07 11:14:36 |w 2025-07-07 |x DONO |y BK | ||
| 952 | |0 0 |1 0 |4 0 |6 A_616_979000000000000_DEM |7 0 |9 24185 |a BO |b BO |d 2026-01-15 |i 1203 |l 0 |o A 616.979 DEM |p BO1203 |r 2026-01-15 23:23:25 |w 2026-01-15 |x [Sebina 5] [1 v.] |y BK |z 1 v. | ||
| 981 | 1 | |6 z01 |a i |b xxxe | |
| 982 | 1 | |6 z01 |a n | |
| 999 | |c 3864 |d 3864 | ||